Understanding human anatomy and physiology. (2nd ed.) (Record no. 32950)

MARC details
000 -LEADER
fixed length control field 00633nam a2200169 a 4500
008 - FIXED-LENGTH DATA ELEMENTS--GENERAL INFORMATION
fixed length control field 150824s1994 ||||||||||||||||| || u
020 ## - INTERNATIONAL STANDARD BOOK NUMBER
International Standard Book Number 9780697136718
050 ## - LIBRARY OF CONGRESS CALL NUMBER
Classification number QM 23 Mad
100 ## - MAIN ENTRY--PERSONAL NAME
Personal name Mader, Sylvia
245 10 - TITLE STATEMENT
Title Understanding human anatomy and physiology. (2nd ed.)
Statement of responsibility, etc. by Sylvia Mader
250 ## - EDITION STATEMENT
Edition statement 2nd ed.
260 ## - PUBLICATION, DISTRIBUTION, ETC.
Place of publication, distribution, etc. Dubuque, IA
Name of publisher, distributor, etc. Wm. C. Brown Publishers
Date of publication, distribution, etc. 1994
300 ## - PHYSICAL DESCRIPTION
Extent xx, 442p. :ill.
350 ## -
-- 49.50
650 #3 - SUBJECT ADDED ENTRY--TOPICAL TERM
Topical term or geographic name entry element ANATOMY
995 ## -
-- MICHAEL CHILUFYA SATA OPEN ACCESS
-- 903069
-- CBU-SCHOOL OF MEDICINE LIBRARY (Ndola)
-- 49.50
-- QM 23 Mad
-- 1
-- AVAILABLE
-- Sep 4, 2015
-- 903069
-- Medical Library Open Access Collection
999 ## -
-- 32950
-- 32950
Holdings
Withdrawn status Lost status Source of classification or shelving scheme Damaged status Not for loan Permanent Location Current Location Shelving location Date acquired Total Checkouts Full call number Barcode Date last seen Price effective from Koha item type
          CBU-SCHOOL OF MEDICINE LIBRARY, NDOLA. CBU-SCHOOL OF MEDICINE LIBRARY, NDOLA.   11/30/2022   QM 23 Mad 903069 11/30/2022 11/30/2022 MONOGRAPH